Capitals of Indonesian Provinces - Statistics

General Stats
  • This quiz has been taken 910 times
  • The average score is 24 of 34
Answer Stats
Province City % Correct
Bali Denpasar
96%
Jakarta Jakarta
95%
East Java Surabaya
92%
Central Java Semarang
88%
West Java Bandung
86%
Yogyakarta Yogyakarta
85%
Aceh Banda Aceh
82%
North Sumatra Medan
82%
Gorontalo Gorontalo
81%
Jambi Jambi City
80%
Banten Serang
78%
Bengkulu Bengkulu City
77%
South Sulawesi Makassar
76%
Papua Jayapura City
75%
Lampung Bandar Lampung
74%
West Sumatra Padang
71%
South Sumatra Palembang
71%
Central Sulawesi Palu
71%
North Sulawesi Manado
69%
East Kalimantan Samarinda
69%
Maluku Ambon
67%
West Kalimantan Pontianak
67%
East Nusa Tenggara Kupang
65%
Riau Pekanbaru
63%
South Kalimantan Banjarmasin
62%
Central Kalimantan Palangka Raya
62%
Bangka Belitung Islands Pangkalpinang
62%
Riau Islands Tanjungpinang
56%
West Nusa Tenggara Mataram
55%
Southeast Sulawesi Kendari
52%
West Papua Manokwari
49%
North Maluku Sofifi
47%
North Kalimantan Tanjung Selor
47%
West Sulawesi Mamuju
44%
No matching quizzes found
Score Distribution
Percent of People with Each Score
Percentile by Number Answered
Your Score History
You have not taken this quiz